000
00338nam a2200157Ia 4500
003
OSt
005
20240306112055.0
008
170523s9999 xx 000 0 und d
020
_a
978-0073037141
040
_c
iimtu meerut
100
_a
THOMPSON
245
0
_a
STRATIGIC MANAGEMENT
260
_b
TMH
260
_c
2003
942
_2
ddc
_c
02
999
_c
1013
_d
1013